000 00301nam a2200109Ia 4500
005 20251222143233.0
008 251222s9999||||xx |||||||||||||| ||spa||
082 _a027.7/C76
245 0 _aIndicadores de Gestión para Bibliotecas Universitarias
264 _bBiblioteca Nacional del Perú
942 _cLIB
999 _c14290
_d14290